000 00418nam a2200145Ia 4500
008 240729s9999 xx 000 0 und d
245 0 _aWorld Journal of Traditional Chinese Medicine
260 _aIndia
260 _bWolters Kluwer Medknow Publications
650 _a Medicine (General)
650 _aMedicine
856 _uhttps://doaj.org/toc/1be68de7a62e4a958d51ec3847ba3674
942 _2ddc
942 _cDOAJEJ
999 _c70211
_d70211
945 _a1
_bMadushi Gamage
_c1
_dMadushi Gamage